| 000 | 00801nam a2200229 i 4500 | ||
|---|---|---|---|
| 001 | 128842 | ||
| 003 | ES-MaACL | ||
| 005 | 20260429201017.0 | ||
| 007 | t| | ||
| 008 | 070528s1968 sp ||||1| cat d | ||
| 080 | _a8-2"14/19"(082.2)=499 | ||
| 245 | 0 | 0 |
_aTeatre popular _b: autors dels segles XV i XVI, Beaumarchais, Gorki: L'encens i la carn, Les noces de Fígaro, Els baixos fons / _cpróleg. de Feliu Formosa. |
| 250 | _a[1ª ed.]. | ||
| 260 |
_aBarcelona : _bEdicions 62, _c[1968] |
||
| 300 |
_a284 p. ; _c19 cm. |
||
| 650 | 1 | 4 |
_aTeatro- _xHistoria _917311 |
| 700 | 1 |
_aGor'kiï, Maksim. _959128 |
|
| 700 |
_aBeaumarchais, Pierre Augustin Caron de, _d1732-1799 _9239070 |
||
| 700 | 1 |
_aFormosa, Feliu, _d1934- _951759 |
|
| 852 |
_aES-MaACL _jC-50358 _bR.68460 |
||
| 999 |
_c128842 _d128842 |
||